[Event "TCh-FRA Top 16 GpA 2023"]
[Site "Chartres FRA"]
[Date "2023.06.03"]
[Round "3.1"]
[Board "5"]
[White "Roos, Louis"]
[Black "Maurizzi, Marc'Andria"]
[Result "0-1"]
[WhiteTitle "IM"]
[BlackTitle "GM"]
[WhiteElo "2254"]
[BlackElo "2548"]
[WhiteTeam "C.E.Strasbourg"]
[BlackTeam "C'Chartres Echecs"]
[WhiteFideId "600288"]
[BlackFideId "36083534"]
[EventDate "2023.06.01"]

1. c4 e5 2. Nc3 Bb4 3. Qc2 Nf6 4. Nf3 Nc6 5. Nd5 O-O 6. a3 Be7 7. e3 d6 8. Be2
Re8 9. d3 Bf8 10. e4 Nxd5 11. cxd5 Ne7 12. d4 exd4 13. Nxd4 c5 14. dxc6 bxc6 15.
O-O c5 16. Nf3 Ng6 17. Bc4 Be6 18. b3 Qd7 19. Re1 Bg4 20. Ng5 d5 21. Bf1 h6 22.
h3 Bh5 23. g4 Bxg4 24. hxg4 Qxg4+ 25. Bg2 hxg5 26. Qd1 Qh4 27. Qxd5 Ne5 28. Qd2
Ng4 29. Ra2 Re5 30. Rc2 Rb8 31. Rc3 Rd8 32. Qc2 Qh2+ 33. Kf1 Qh6 34. Rg3 Nf6 35.
Bb2 Re6 36. e5 Nh5 37. Rh3 g4 38. Rh1 Rd2 39. Qc1 0-1

[Event "TCh-FRA Top 16 GpA 2023"]
[Site "Chartres FRA"]
[Date "2023.06.03"]
[Round "3.1"]
[Board "6"]
[White "Lagarde, Maxime"]
[Black "Sharif, Mehrshad"]
[Result "1-0"]
[WhiteTitle "GM"]
[BlackTitle "IM"]
[WhiteElo "2597"]
[BlackElo "2330"]
[WhiteTeam "C'Chartres Echecs"]
[BlackTeam "C.E.Strasbourg"]
[WhiteFideId "662399"]
[BlackFideId "600121"]
[EventDate "2023.06.01"]

1. c4 b6 2. Nc3 Bb7 3. e4 e6 4. Nge2 Nf6 5. f3 c5 6. d4 cxd4 7. Nxd4 d6 8. Be3
a6 9. Qd2 Nbd7 10. Be2 Rc8 11. g4 h6 12. Rg1 Ne5 13. b3 g5 14. h4 Nh7 15. hxg5
hxg5 16. Rh1 Qf6 17. O-O-O Bg7 18. Kb1 O-O 19. Rxh7 Kxh7 20. Bxg5 Nxf3 21. Bxf3
Qe5 22. Bf4 1-0

[Event "TCh-FRA Top 16 GpA 2023"]
[Site "Chartres FRA"]
[Date "2023.06.03"]
[Round "3.1"]
[Board "7"]
[White "Roos, Jean-Luc"]
[Black "Stephan, Victor"]
[Result "0-1"]
[WhiteTitle "IM"]
[BlackTitle "IM"]
[WhiteElo "2184"]
[BlackElo "2386"]
[WhiteTeam "C.E.Strasbourg"]
[BlackTeam "C'Chartres Echecs"]
[WhiteFideId "600601"]
[BlackFideId "656666"]
[EventDate "2023.06.01"]

1. d4 Nf6 2. Nf3 e6 3. Bf4 d5 4. e3 Bd6 5. Bg3 O-O 6. Nbd2 c5 7. c3 Qc7 8. Bd3
Nbd7 9. O-O Bxg3 10. hxg3 e5 11. dxe5 Nxe5 12. Nxe5 Qxe5 13. Nf3 Qc7 14. c4 dxc4
15. Bxc4 b6 16. Qb3 Bb7 17. Rfd1 h6 18. a4 Rad8 19. Rac1 Bc6 20. Nh4 Rd7 21. Ng6
Re8 22. Nf4 Red8 23. Qc2 Be4 24. Qb3 Rxd1+ 25. Rxd1 Rxd1+ 26. Qxd1 Qd7 27. Qxd7
Nxd7 28. Bb5 Ne5 29. f3 Bc2 30. Kf2 Kf8 31. Ke2 Bb3 32. Kd2 g5 33. Ne2 Ke7 34.
e4 f6 35. Kc3 Be6 36. b3 h5 37. Nc1 Kd6 38. Be2 Nc6 39. f4 h4 40. fxg5 fxg5 41.
gxh4 gxh4 42. Nd3 Bxb3 43. e5+ Kc7 44. Nf4 Bxa4 45. Ng6 Nd4 46. Bd3 b5 47. Nxh4
b4+ 48. Kb2 Bd7 49. Ng6 a5 50. Nf4 a4 51. Bc4 Bc6 52. g4 Nf3 53. Nd3 Kb6 54. e6
a3+ 55. Ka1 Nd2 56. Ne5 Nxc4 57. Nxc4+ Kb5 58. Nd6+ Ka4 59. e7 b3 60. e8=Q Bxe8
61. Nxe8 c4 62. Nf6 c3 63. Ne4 c2 64. Nc5+ Kb4 65. Nxb3 Kxb3 0-1

[Event "TCh-FRA Top 16 GpA 2023"]
[Site "Chartres FRA"]
[Date "2023.06.03"]
[Round "3.1"]
[Board "8"]
[White "Martsynovskaya, Marina"]
[Black "Olguin, Monica"]
[Result "1-0"]
[WhiteTitle "WIM"]
[WhiteElo "2049"]
[BlackElo "1619"]
[WhiteTeam "C'Chartres Echecs"]
[BlackTeam "C.E.Strasbourg"]
[WhiteFideId "609218"]
[BlackFideId "26032732"]
[EventDate "2023.06.01"]

1. e4 e5 2. Bc4 Nc6 3. Nf3 h6 4. O-O Nf6 5. Re1 Bc5 6. d3 d6 7. c3 O-O 8. a4 a5
9. Nbd2 Bb6 10. Nf1 Bg4 11. h3 Bd7 12. Ng3 Ne7 13. Bb3 Re8 14. d4 exd4 15. cxd4
Nc6 16. Bc2 Nb4 17. Bb1 c5 18. Ra3 Bc6 19. d5 Bd7 20. Rc3 Re7 21. b3 Be8 22. Bf4
g5 23. Nxg5 Nfxd5 24. Qg4 Bd7 25. Ne6+ 1-0

[Event "TCh-FRA Top 16 GpA 2023"]
[Site "Chartres FRA"]
[Date "2023.06.03"]
[Round "3.2"]
[Board "1"]
[White "Donchenko, Alexander"]
[Black "Bacrot, Etienne"]
[Result "1/2-1/2"]
[WhiteTitle "GM"]
[BlackTitle "GM"]
[WhiteElo "2667"]
[BlackElo "2672"]
[WhiteTeam "Vandoeuvre Echecs"]
[BlackTeam "Bischwiller"]
[WhiteFideId "24603295"]
[BlackFideId "605506"]
[EventDate "2023.06.01"]

1. d4 d5 2. c4 c6 3. Nf3 Nf6 4. Nc3 e6 5. e3 Nbd7 6. Qc2 Bd6 7. Be2 O-O 8. O-O
dxc4 9. Bxc4 c5 10. Rd1 cxd4 11. exd4 a6 12. a4 b6 13. Bg5 Qc7 14. Qe2 Bb7 15.
d5 exd5 16. Nxd5 Nxd5 17. Bxd5 Rae8 18. Qd2 Bxd5 19. Qxd5 Ne5 20. Rac1 Nxf3+ 21.
Qxf3 Qb8 22. g3 Re6 23. Be3 b5 24. Qd5 Rfe8 25. Rc6 Be5 26. axb5 Qxb5 27. Rxe6
fxe6 28. Qxb5 axb5 29. b4 Ra8 30. Rd3 Bf6 31. Bc5 Rd8 32. Re3 Bd4 33. Rxe6 Bxc5
34. bxc5 Rc8 35. c6 b4 36. Kg2 Kf7 37. Re4 b3 38. Rf4+ Kg6 39. Rb4 Rxc6 40. Rxb3
Rc5 41. Rb4 h6 42. Kf3 Ra5 43. Rb6+ Kf7 44. h3 Ra4 45. Rb5 Kf6 46. h4 Ke6 47.
Kg2 Ra2 48. Rb4 h5 49. Rf4 Ra3 50. Rf8 Rb3 51. Rh8 Rb5 52. Rf8 Rb3 53. f3 Rb4
54. Kh3 g6 55. Rf4 Rb1 56. g4 hxg4+ 57. fxg4 Ke5 58. Rf2 Rh1+ 59. Kg3 Rg1+ 60.
Rg2 Ra1 61. g5 Ra3+ 62. Kg4 Ra4+ 63. Kh3 Ke6 64. Rg4 Ra3+ 65. Rg3 Ra4 66. Rf3
Ke7 67. Kg3 Ra1 68. Rb3 Ra4 69. Rf3 Ra1 70. Kg4 Ra4+ 71. Rf4 Ra1 72. Rb4 Rh1 73.
Rb6 Kf7 74. Rf6+ Kg7 75. Rf4 Ra1 76. Rd4 Rf1 77. Rd3 Rh1 78. Rd7+ Kf8 79. Rd4
Kg7 80. Kf4 Rxh4+ 81. Ke5 Rh1 82. Rd7+ Kg8 83. Kf6 Rf1+ 84. Kxg6 Rf8 85. Rg7+
Kh8 86. Rh7+ Kg8 87. Rg7+ Kh8 88. Rh7+ 1/2-1/2

[Event "TCh-FRA Top 16 GpA 2023"]
[Site "Chartres FRA"]
[Date "2023.06.03"]
[Round "3.2"]
[Board "2"]
[White "Naiditsch, Arkadij"]
[Black "Hamitevici, Vladimir"]
[Result "0-1"]
[WhiteTitle "GM"]
[BlackTitle "GM"]
[WhiteElo "2669"]
[BlackElo "2493"]
[WhiteTeam "Bischwiller"]
[BlackTeam "Vandoeuvre Echecs"]
[WhiteFideId "4650891"]
[BlackFideId "13902393"]
[EventDate "2023.06.01"]

1. d4 d5 2. Nf3 e6 3. g3 Nf6 4. Bg2 Be7 5. O-O O-O 6. b3 a5 7. a4 b6 8. Ba3 Ba6
9. c4 c6 10. Ne5 Nfd7 11. e4 Nxe5 12. dxe5 Ra7 13. exd5 cxd5 14. Bxe7 Rxe7 15.
Na3 Rd7 16. Qe2 Nc6 17. Rfd1 Qc7 18. Nb5 Qxe5 19. Qxe5 Nxe5 20. cxd5 exd5 21.
Nd4 g6 22. Rac1 Nd3 23. Rc6 Rb8 24. Bh3 Re7 25. Rd6 Re4 26. Rxd5 Rbe8 27. Bd7
Re1+ 28. Rxe1 Rxe1+ 29. Kg2 Ne5 30. Nc2 Bb7 0-1

[Event "TCh-FRA Top 16 GpA 2023"]
[Site "Chartres FRA"]
[Date "2023.06.03"]
[Round "3.2"]
[Board "3"]
[White "Decuigniere, Tom"]
[Black "Rodshtein, Maxim"]
[Result "1-0"]
[WhiteTitle "FM"]
[BlackTitle "GM"]
[WhiteElo "2375"]
[BlackElo "2604"]
[WhiteTeam "Vandoeuvre Echecs"]
[BlackTeam "Bischwiller"]
[WhiteFideId "26093820"]
[BlackFideId "2806851"]
[EventDate "2023.06.01"]

1. d4 Nf6 2. c4 e6 3. Nc3 Bb4 4. g3 Bxc3+ 5. bxc3 d6 6. Nf3 b6 7. Bg2 Bb7 8. O-O
O-O 9. Bg5 Nbd7 10. Qd3 Qe8 11. Nd2 Bxg2 12. Kxg2 Nh5 13. g4 h6 14. Bxh6 gxh6
15. gxh5 f5 16. Qe3 Kh7 17. Kh1 Nf6 18. Rg1 Qxh5 19. f3 Rae8 20. Nf1 e5 21. Ng3
Qh3 22. Qd3 e4 23. fxe4 fxe4 24. Nxe4 Nxe4 25. Qxh3 Nf2+ 26. Kg2 Nxh3 27. Kxh3
Rxe2 28. Rae1 Rf3+ 29. Kg4 Rfe3 30. Rxe2 Rxe2 31. h4 Kg6 32. Kf3+ 1-0

[Event "TCh-FRA Top 16 GpA 2023"]
[Site "Chartres FRA"]
[Date "2023.06.03"]
[Round "3.2"]
[Board "4"]
[White "Ragger, Markus"]
[Black "Savina, Anastasia"]
[Result "1-0"]
[WhiteTitle "GM"]
[BlackTitle "IM"]
[WhiteElo "2631"]
[BlackElo "2341"]
[WhiteTeam "Bischwiller"]
[BlackTeam "Vandoeuvre Echecs"]
[WhiteFideId "1610856"]
[BlackFideId "4196872"]
[EventDate "2023.06.01"]

1. e4 e5 2. Nf3 Nc6 3. Bb5 Nf6 4. d3 Bc5 5. c3 O-O 6. O-O d5 7. Nbd2 dxe4 8.
dxe4 a5 9. Qc2 Qe7 10. a4 Nd8 11. Be2 Bd7 12. Nc4 Bc6 13. Bd3 Nd7 14. Re1 f6 15.
Ne3 Bxe3 16. Bxe3 Nc5 17. Bc4+ Kh8 18. Nh4 g6 19. b4 axb4 20. cxb4 Nce6 21. b5
Be8 22. a5 c6 23. b6 c5 24. Nf3 Bc6 25. Bd5 Nd4 26. Qc4 Bb5 27. Qc3 N8c6 28.
Rac1 Nb4 29. Qxc5 Nxd5 30. Bxd4 exd4 31. exd5 Qd7 32. Nxd4 1-0

[Event "TCh-FRA Top 16 GpA 2023"]
[Site "Chartres FRA"]
[Date "2023.06.03"]
[Round "3.2"]
[Board "5"]
[White "Philippe, Christophe"]
[Black "Maze, Sebastien"]
[Result "0-1"]
[WhiteTitle "IM"]
[BlackTitle "GM"]
[WhiteElo "2347"]
[BlackElo "2539"]
[WhiteTeam "Vandoeuvre Echecs"]
[BlackTeam "Bischwiller"]
[WhiteFideId "610038"]
[BlackFideId "613762"]
[EventDate "2023.06.01"]

1. d4 Nf6 2. Nf3 g6 3. Bg5 Bg7 4. Nbd2 d5 5. e3 O-O 6. Be2 Nbd7 7. O-O c5 8. c3
b6 9. h3 Bb7 10. a4 a6 11. b4 c4 12. Qc2 b5 13. axb5 axb5 14. Rxa8 Qxa8 15. Qb2
Bc6 16. Ra1 Qb7 17. Ra5 h6 18. Bf4 Ne4 19. Qa3 Ra8 20. Nxe4 dxe4 21. Ne5 Nxe5
22. Bxe5 Bxe5 23. Rxa8+ Qxa8 24. Qxa8+ Bxa8 25. dxe5 Kf8 26. f4 exf3 27. gxf3
Ke8 28. f4 Be4 29. Kf2 f6 30. exf6 exf6 31. h4 Ke7 32. Bg4 Kd6 33. Bh3 Bh1 34.
Bg4 Bc6 35. Bh3 g5 36. hxg5 fxg5 37. Kg3 Ke7 38. Bc8 Kf6 39. Kg4 Be8 40. fxg5+
hxg5 41. Bb7 Bd7+ 42. Kg3 Ke5 43. Bf3 Kd6 44. Be4 Be6 45. Bg6 Ke7 46. Be4 Bd7
47. Bf3 Kd6 48. Be4 Bc8 49. Bg6 Be6 50. Be4 Bc8 51. Bg6 Ke5 52. Be8 Ke4 53. Bxb5
Kd3 54. Bc6 Kxc3 55. b5 Kb4 56. b6 c3 57. Be4 Kc5 58. b7 Bxb7 59. Bf5 Kd6 60.
Kg4 Bc8 0-1

[Event "TCh-FRA Top 16 GpA 2023"]
[Site "Chartres FRA"]
[Date "2023.06.03"]
[Round "3.2"]
[Board "6"]
[White "Bellahcene, Bilel"]
[Black "Nezar, Mustapha"]
[Result "1-0"]
[WhiteTitle "GM"]
[BlackTitle "IM"]
[WhiteElo "2497"]
[BlackElo "2356"]
[WhiteTeam "Bischwiller"]
[BlackTeam "Vandoeuvre Echecs"]
[WhiteFideId "696358"]
[BlackFideId "608637"]
[EventDate "2023.06.01"]

1. e4 c5 2. Nf3 e6 3. d4 cxd4 4. Nxd4 a6 5. Nc3 Qc7 6. Bd3 Nf6 7. Qe2 d6 8. f4
Nbd7 9. g4 Nc5 10. g5 Nfd7 11. Bd2 b5 12. a3 Bb7 13. O-O-O Nxd3+ 14. cxd3 Nb6
15. Kb1 Qd7 16. Qf2 Na4 17. Nxa4 bxa4 18. Bc3 Rc8 19. Rc1 d5 20. e5 Bc5 21. Bb4
Bxb4 22. Rxc8+ Bxc8 23. axb4 O-O 24. Rc1 Qb7 25. Qd2 Bd7 26. Ka2 Rb8 27. Ka3 Be8
28. Rc5 Qe7 29. Qc3 Bd7 30. Ka2 h6 31. h4 Qe8 32. Rc7 Rc8 33. Rc5 Rb8 34. Qd2 h5
35. Qc3 Rc8 36. Ka3 Rb8 37. Rc7 Rc8 38. Rxc8 Bxc8 39. Qc6 Qxc6 40. Nxc6 Bd7 41.
b5 axb5 42. Nd4 Kh7 43. Kb4 Kg6 44. Kc5 f6 45. Kd6 Bc8 46. gxf6 gxf6 47. Nxb5
fxe5 48. Kxe5 Ba6 49. Nd4 Kf7 50. Nxe6 Bxd3 51. f5 Bc4 52. Nf4 Bb3 53. Nxd5 Bd1
54. Kf4 Bb3 55. Nc3 Kf6 56. Ne4+ Kf7 57. Kg5 Bc2 58. Ng3 Bd1 59. Nxh5 1-0

[Event "TCh-FRA Top 16 GpA 2023"]
[Site "Chartres FRA"]
[Date "2023.06.03"]
[Round "3.2"]
[Board "7"]
[White "Steil-Antoni, Fiona"]
[Black "Le Roux, Jean-Pierre"]
[Result "0-1"]
[WhiteTitle "WIM"]
[BlackTitle "GM"]
[WhiteElo "2185"]
[BlackElo "2509"]
[WhiteTeam "Vandoeuvre Echecs"]
[BlackTeam "Bischwiller"]
[WhiteFideId "4001249"]
[BlackFideId "609404"]
[EventDate "2023.06.01"]

1. e4 g6 2. d4 Bg7 3. Nc3 c6 4. Be3 d5 5. Qd2 dxe4 6. Nxe4 Nf6 7. Nxf6+ Bxf6 8.
O-O-O Nd7 9. h4 Nb6 10. Kb1 Be6 11. Bg5 Bg7 12. Bh6 Bxh6 13. Qxh6 Qd5 14. b3 a5
15. Qg7 Rf8 16. c4 Bf5+ 17. Kb2 Qe4 18. Rc1 f6 19. Nf3 O-O-O 20. c5 Nd5 21. Bc4
Rg8 22. Qh6 Qg4 23. Bxd5 Rxd5 24. Qxh7 Re8 25. Qf7 Kd7 26. Rhg1 Be6 27. Qg7 Rh5
28. Nh2 Qxd4+ 29. Ka3 Qb4+ 30. Kb2 Rg8 31. Rcd1+ Ke8 32. g4 Rxg7 33. gxh5 Qf4 0-1

[Event "TCh-FRA Top 16 GpA 2023"]
[Site "Chartres FRA"]
[Date "2023.06.03"]
[Round "3.2"]
[Board "8"]
[White "Sebag, Marie"]
[Black "Adrian, Claude"]
[Result "1-0"]
[WhiteTitle "GM"]
[BlackTitle "IM"]
[WhiteElo "2421"]
[BlackElo "2168"]
[WhiteTeam "Bischwiller"]
[BlackTeam "Vandoeuvre Echecs"]
[WhiteFideId "617822"]
[BlackFideId "601071"]
[EventDate "2023.06.01"]

1. e4 e6 2. d4 d5 3. Nd2 c5 4. exd5 exd5 5. Ngf3 Nf6 6. Bb5+ Bd7 7. Bxd7+ Nbxd7
8. O-O Be7 9. dxc5 Nxc5 10. Re1 O-O 11. Nf1 Re8 12. Be3 b5 13. c3 Qd7 14. Bd4 a5
15. Ne3 Nce4 16. Ne5 Qb7 17. Nf5 Bf8 18. Ng4 Re6 19. Nxf6+ Nxf6 20. Nh6+ gxh6
21. Rxe6 fxe6 22. Bxf6 Re8 23. Qg4+ Bg7 24. a4 bxa4 25. Rxa4 Kh8 26. Bxg7+ Qxg7
27. Qxg7+ Kxg7 28. Rxa5 Rb8 29. Ra2 d4 30. cxd4 Rb4 31. Kf1 Rxd4 32. Ke2 Kf6 33.
b3 Rg4 34. g3 Rb4 35. Rb2 h5 36. h4 Ke5 37. Kd3 Kd5 38. Kc3 Rb7 39. b4 Rc7+ 40.
Kb3 Ra7 41. Rc2 e5 42. b5 e4 43. Kb4 Ra1 44. Rd2+ Ke5 45. b6 h6 46. Kc5 Rc1+ 47.
Kb5 1-0

[Event "TCh-FRA Top 16 GpA 2023"]
[Site "Chartres FRA"]
[Date "2023.06.03"]
[Round "3.3"]
[Board "1"]
[White "Fedoseev, Vladimir3"]
[Black "Van Foreest, Lucas"]
[Result "1-0"]
[WhiteTitle "GM"]
[BlackTitle "GM"]
[WhiteElo "2676"]
[BlackElo "2547"]
[WhiteTeam "Cappelle la Grande"]
[BlackTeam "Tremblay en France"]
[WhiteFideId "24130737"]
[BlackFideId "1039792"]
[EventDate "2023.06.01"]

1. d4 Nf6 2. c4 e6 3. Nc3 Bb4 4. e3 O-O 5. Nf3 c5 6. Bd3 d5 7. cxd5 cxd4 8. exd4
exd5 9. O-O Nc6 10. Ne5 Re8 11. Bf4 Be6 12. Nb5 Ba5 13. Rc1 Nb4 14. Bb1 a6 15.
Nc3 Rc8 16. Bg5 h6 17. Bh4 Bb6 18. f4 Nc6 19. Kh1 Qd6 20. Bxf6 gxf6 21. Qh5 fxe5
22. dxe5 Qf8 23. f5 Nxe5 24. fxe6 1-0

[Event "TCh-FRA Top 16 GpA 2023"]
[Site "Chartres FRA"]
[Date "2023.06.03"]
[Round "3.3"]
[Board "2"]
[White "Shchekachev, Andrei"]
[Black "Edouard, Romain"]
[Result "1/2-1/2"]
[WhiteTitle "GM"]
[BlackTitle "GM"]
[WhiteElo "2508"]
[BlackElo "2527"]
[WhiteTeam "Tremblay en France"]
[BlackTeam "Cappelle la Grande"]
[WhiteFideId "4107730"]
[BlackFideId "633429"]
[EventDate "2023.06.01"]

1. Nf3 d5 2. d4 Nf6 3. c4 dxc4 4. e3 e6 5. Bxc4 c5 6. O-O a6 7. Nc3 b5 8. Bb3
Bb7 9. e4 cxd4 10. Nxd4 Nc6 11. Nxc6 Qxd1 12. Rxd1 Bxc6 13. f3 Bc5+ 1/2-1/2

[Event "TCh-FRA Top 16 GpA 2023"]
[Site "Chartres FRA"]
[Date "2023.06.03"]
[Round "3.3"]
[Board "3"]
[White "Dardha, Daniel"]
[Black "Vlachos, Anatole"]
[Result "1-0"]
[WhiteTitle "GM"]
[BlackTitle "IM"]
[WhiteElo "2619"]
[BlackElo "2448"]
[WhiteTeam "Cappelle la Grande"]
[BlackTeam "Tremblay en France"]
[WhiteFideId "240990"]
[BlackFideId "26093189"]
[EventDate "2023.06.01"]

1. e4 e5 2. Nf3 Nc6 3. Bc4 Bc5 4. a4 Nf6 5. d3 a6 6. Bg5 h6 7. Bh4 g5 8. Bg3 d6
9. c3 Ba7 10. Nbd2 Ne7 11. d4 Ng6 12. dxe5 dxe5 13. h4 g4 14. Nxe5 Nxe5 15. Bxe5
Qe7 16. Bd4 Bxd4 17. cxd4 Nxe4 18. O-O Nxd2 19. Qxd2 Qd6 20. Qe3+ Kf8 21. Rae1
Bd7 22. Qb3 Rh7 23. Qxb7 Bc6 24. Qb3 Qxd4 25. Qc2 Rg7 26. Bxf7 Bxa4 27. Bb3 Bxb3
28. Qxb3 Rf7 29. Re6 Re8 30. Rxe8+ Kxe8 31. Qe6+ Re7 32. Qxh6 Kd7 33. Qxa6 g3
34. Qb5+ c6 35. Qb7+ 1-0

[Event "TCh-FRA Top 16 GpA 2023"]
[Site "Chartres FRA"]
[Date "2023.06.03"]
[Round "3.3"]
[Board "4"]
[White "Droin, Augustin"]
[Black "Enchev, Ivajlo"]
[Result "1-0"]
[WhiteTitle "IM"]
[BlackTitle "GM"]
[WhiteElo "2452"]
[BlackElo "2437"]
[WhiteTeam "Tremblay en France"]
[BlackTeam "Cappelle la Grande"]
[WhiteFideId "45105987"]
[BlackFideId "2907712"]
[EventDate "2023.06.01"]

1. e4 e5 2. Nf3 Nc6 3. Bb5 a6 4. Ba4 Nf6 5. O-O Be7 6. Re1 b5 7. Bb3 d6 8. a4
Bd7 9. c3 O-O 10. d4 Bg4 11. d5 Na5 12. Ba2 c5 13. dxc6 Qc7 14. Bg5 Nxc6 15. b4
Nd7 16. Bxe7 Nxe7 17. axb5 a5 18. h3 Bh5 19. Qd3 axb4 20. cxb4 d5 21. exd5 Qd6
22. Nbd2 Ra4 23. Nc4 Qxb4 24. Ncxe5 Nxe5 25. Nxe5 Rxa2 26. d6 Rxa1 27. Rxa1 Qb2
28. Re1 Ng6 29. Nxg6 Bxg6 30. Qd5 Qb4 31. Rd1 Rd8 32. Qc6 Bf5 33. Qc7 Rc8 34. d7
Bxd7 35. Qxd7 Qc5 36. b6 1-0

[Event "TCh-FRA Top 16 GpA 2023"]
[Site "Chartres FRA"]
[Date "2023.06.03"]
[Round "3.3"]
[Board "5"]
[White "Jossien, Remy"]
[Black "Shirazi, Kamran"]
[Result "0-1"]
[BlackTitle "IM"]
[WhiteElo "2231"]
[BlackElo "2278"]
[WhiteTeam "Cappelle la Grande"]
[BlackTeam "Tremblay en France"]
[WhiteFideId "620238"]
[BlackFideId "2000733"]
[EventDate "2023.06.01"]

1. e4 g6 2. d4 Bg7 3. Nc3 d6 4. Be3 Nf6 5. f3 O-O 6. Qd2 e5 7. dxe5 dxe5 8. Qd3
Qd7 9. Qxd7 Re8 10. Qd8 Rxd8 11. Nb5 Na6 12. a3 b6 13. Bc4 Bb7 14. Nh3 c6 15.
Nc3 Ne8 16. Ba2 Bf8 17. Ng5 Rd7 18. h4 h6 19. Nh3 Kg7 20. Nf2 Nf6 21. Nd3 Re8
22. g4 Nc7 23. Kf2 c5 24. b4 Ba6 25. g5 hxg5 26. hxg5 Nh5 27. Nd5 Nxd5 28. Bxd5
cxb4 29. axb4 Bxd3 30. Bc6 Rc8 31. Bxd7 Rxc2+ 32. Kg1 Ng3 33. Rh2 Rxh2 34. Kxh2
Nf1+ 35. Kg1 Nxe3 36. Ra3 Bxb4 37. Rxd3 Bc5 38. Kf2 Nf5+ 39. Ke2 Nd4+ 40. Kd1 a5
41. Kc1 Be7 42. Rxd4 exd4 43. f4 f6 44. gxf6+ Bxf6 45. Kd2 Bh4 46. Kd3 Bg3 47.
f5 g5 48. f6+ Kxf6 49. Kxd4 Ke7 50. Ba4 Kd6 51. Kc4 Ke5 52. Kd3 Bf4 53. Bd1 b5
54. Bf3 a4 55. Kc3 Be3 56. Be2 Bd4+ 57. Kb4 Bc5+ 58. Kxb5 a3 59. Bc4 g4 0-1

[Event "TCh-FRA Top 16 GpA 2023"]
[Site "Chartres FRA"]
[Date "2023.06.03"]
[Round "3.3"]
[Board "6"]
[White "Mekhane, Adam"]
[Black "Maugenest, Ghislain"]
[Result "1-0"]
[WhiteTitle "FM"]
[WhiteElo "2254"]
[BlackElo "2212"]
[WhiteTeam "Tremblay en France"]
[BlackTeam "Cappelle la Grande"]
[WhiteFideId "36050601"]
[BlackFideId "36029483"]
[EventDate "2023.06.01"]

1. e4 e5 2. Nf3 Nc6 3. Bb5 a6 4. Ba4 Nf6 5. d3 b5 6. Bb3 Be7 7. O-O d6 8. a3 O-O
9. Nbd2 Re8 10. Re1 Bf8 11. Nf1 Ne7 12. Ne3 c6 13. a4 Bb7 14. axb5 axb5 15. Rxa8
Qxa8 16. c4 Ng6 17. cxb5 cxb5 18. Ng5 Re7 19. Ng4 Nd7 20. Ne3 Nf6 21. Ng4 Nd7
22. Qf3 Qe8 23. Ne3 h6 24. Nf5 d5 25. Nd6 Qb8 26. Ngxf7 Ba8 27. Qg4 Kh7 28. Ng5+
hxg5 29. Qh5+ Kg8 30. Qxg6 Nf6 31. Nf5 Qe8 32. Nxe7+ Qxe7 33. Bxd5+ Nxd5 34.
exd5 Bxd5 35. Qxg5 Qb4 36. Qxe5 Bf7 37. Qe4 Qb3 38. h3 Bd5 39. Qd4 Bf7 40. Bf4
Qa2 41. Rc1 Qa6 42. Qd8 Be6 43. d4 Bf5 44. d5 Qg6 45. Rc6 Qf7 46. Bd6 g6 47. Rc7 1-0

[Event "TCh-FRA Top 16 GpA 2023"]
[Site "Chartres FRA"]
[Date "2023.06.03"]
[Round "3.3"]
[Board "7"]
[White "Feryn, Benjamin"]
[Black "Kuhn, Clement"]
[Result "0-1"]
[BlackTitle "FM"]
[WhiteElo "2171"]
[BlackElo "2313"]
[WhiteTeam "Cappelle la Grande"]
[BlackTeam "Tremblay en France"]
[WhiteFideId "681032"]
[BlackFideId "36099775"]
[EventDate "2023.06.01"]

1. e4 e6 2. b3 d5 3. Bb2 Nf6 4. e5 Nfd7 5. f4 c5 6. Nf3 Nc6 7. Bd3 Qb6 8. c4 Nb4
9. Be2 d4 10. d3 Be7 11. O-O O-O 12. Nbd2 a5 13. Ne4 Qc7 14. a3 Nc6 15. Qe1 a4
16. b4 cxb4 17. Bxd4 Nxd4 18. Nxd4 Qb6 19. Qf2 b3 20. Nb5 Qxf2+ 21. Rxf2 Nc5 22.
Ned6 Bd7 23. Rd1 Bc6 24. Bf3 f5 25. d4 Bxd6 26. Nxd6 Ne4 27. Bxe4 Bxe4 28. d5
exd5 29. cxd5 Bc2 30. Re1 Ra5 31. Rd2 Rd8 32. e6 Rxd6 33. e7 Ra8 34. e8=Q+ Rxe8
35. Rxe8+ Kf7 36. Re1 b5 37. Rc1 Ke7 38. Kf2 Kd7 39. Ke3 b2 40. Rdxc2 bxc1=Q+
41. Rxc1 Rxd5 42. g3 Kd6 43. Rc8 Rc5 44. Rb8 Kc7 45. Rg8 Rc3+ 46. Kd4 Rxa3 47.
Kc5 Rc3+ 48. Kxb5 a3 49. Rxg7+ Kb8 50. Re7 a2 51. Re8+ Kb7 52. Re7+ Rc7 53. Re1
Rc2 54. h3 Rb2+ 0-1

[Event "TCh-FRA Top 16 GpA 2023"]
[Site "Chartres FRA"]
[Date "2023.06.03"]
[Round "3.3"]
[Board "8"]
[White "Hernandez, Lara"]
[Black "Lam, Sophie"]
[Result "0-1"]
[WhiteElo "1947"]
[BlackElo "2076"]
[WhiteTeam "Tremblay en France"]
[BlackTeam "Cappelle la Grande"]
[WhiteFideId "26022028"]
[BlackFideId "633704"]
[EventDate "2023.06.01"]

1. d4 d6 2. Nf3 g6 3. g3 Bg7 4. Bg2 Nf6 5. O-O O-O 6. b3 Nbd7 7. Bb2 e5 8. dxe5
Ng4 9. Qc1 Ngxe5 10. c4 Nxf3+ 11. Bxf3 Ne5 12. Bg2 Re8 13. Nc3 Rb8 14. Nb5 a6
15. Nd4 Bd7 16. Qd2 Qc8 17. f4 Ng4 18. e4 Nf6 19. e5 Ng4 20. h3 dxe5 21. Ne2 Nh6
22. fxe5 Bxh3 23. Nf4 Bxg2 24. Kxg2 Qg4 25. Nd5 c6 26. Rf4 Qg5 27. Nb6 Rbd8 28.
Qf2 Nf5 29. Re1 Rd3 30. g4 Red8 31. e6 Bxb2 32. e7 Nxe7 33. Nd5 Nxd5 0-1

[Event "TCh-FRA Top 16 GpA 2023"]
[Site "Chartres FRA"]
[Date "2023.06.03"]
[Round "3.4"]
[Board "1"]
[White "Korobov, Anton"]
[Black "Ter-Sahakyan, Samvel"]
[Result "1-0"]
[WhiteTitle "GM"]
[BlackTitle "GM"]
[WhiteElo "2661"]
[BlackElo "2598"]
[WhiteTeam "Echiquier Chalonnais"]
[BlackTeam "Lyon Olympique Echecs"]
[WhiteFideId "14105730"]
[BlackFideId "13302531"]
[EventDate "2023.06.01"]

1. Nf3 d5 2. g3 g6 3. Bg2 Bg7 4. O-O e5 5. d3 Nc6 6. Nc3 Nge7 7. e4 O-O 8. exd5
Nxd5 9. Nxd5 Qxd5 10. Re1 Qd7 11. a4 a5 12. c3 h6 13. Be3 Qd6 14. Qb3 Be6 15.
Qb5 b6 16. d4 exd4 17. Bf4 Qc5 18. Nxd4 Nxd4 19. Qxc5 bxc5 20. Bxa8 Rxa8 21.
cxd4 Bxd4 22. Bxc7 Bxb2 23. Rab1 Bc3 24. Red1 Bb4 25. Rd8+ Rxd8 26. Bxd8 c4 27.
Bf6 g5 28. Rc1 Kh7 29. Bc3 Kg6 30. f3 Kf5 31. Kf2 Bxc3 32. Rxc3 Ke5 33. Ke3 Kd5
34. Rc2 Kc5 35. Rb2 Bd7 36. Rb7 Bxa4 37. Rxf7 c3 38. f4 gxf4+ 39. gxf4 Bb3 40.
Rc7+ Kb4 41. f5 a4 42. f6 a3 43. Rb7+ Ka4 44. f7 Bxf7 45. Rxf7 a2 46. Kd3 Ka3
47. Kc2 1-0